Análisis, diseño y experimentación de un elemento sacapajas para una maquina trilladora de granos
Guardado en:
| Hovedforfatter: | |
|---|---|
| Format: | Ukendt |
| Udgivet: |
[San José, Costa Rica]
1981
|
| Fag: | |
| Tags: |
Tilføj Tag
Ingen Tags, Vær først til at tagge denne postø!
|
MARC
| LEADER | 00000 a2200000 4500 | ||
|---|---|---|---|
| 003 | 001669 | ||
| 005 | 20221231143744.0 | ||
| 008 | 140114s1981 c a m 000 ||s d | ||
| 040 | |c cru CEDI | ||
| 090 | |a TFG 1073 | ||
| 100 | |a Pinto M, Eduardo |9 15798 | ||
| 245 | |a Análisis, diseño y experimentación de un elemento sacapajas para una maquina trilladora de granos | ||
| 260 | |c 1981 |a [San José, Costa Rica] | ||
| 300 | |a iv, 97 hojas : ilustraciones, 2 planos pleg. en bolsillo | ||
| 500 | |a A la cabeza de la portada. Proyecto de graduación. IM-410. Universidad de Costa Rica. Facultad de Ingeniería. Escuela de Ingeniería Mecánica | ||
| 650 | |x TRILLADORAS |x MAQUINARIA AGRICOLA |9 15799 | ||
| 942 | |c TFG | ||
| 999 | |c 11332 |d 11332 | ||
